| 000 | 00645nam a22002057a 4500 | ||
|---|---|---|---|
| 999 |
_c4428 _d4428 |
||
| 003 | AR-CdUCM | ||
| 008 | 190308b ||||| |||| 00| 0 spa d | ||
| 040 |
_aMUNICIPALIDAD PROVINCIAL DEL CUSCO _cBIBLIOTECA MUNICIPAL DEL CUSCO |
||
| 082 |
_a784.2 / _bC32 |
||
| 100 |
_aCasas Zapata, Pedro _913949 |
||
| 245 | _aSalccantay para orquesta sinfónica / | ||
| 260 |
_aCusco : _c2006. |
||
| 300 |
_a114 páginas ; _c28.5 cm. |
||
| 505 | _aContenido: partituras. | ||
| 650 |
_aMúsica orquestal - Partituras _913950 |
||
| 650 |
_aSinfonías _913951 |
||
| 650 |
_aMusíca orquestal - Perú - Cusco _913952 |
||
| 942 |
_2ddc _cLIBROS |
||
| 945 | _alccs | ||